<?xml version="1.0" encoding="UTF-8"?>
<record
    xmlns:xsi="http://www.w3.org/2001/XMLSchema-instance"
    xsi:schemaLocation="http://www.loc.gov/MARC21/slim http://www.loc.gov/standards/marcxml/schema/MARC21slim.xsd"
    xmlns="http://www.loc.gov/MARC21/slim">

  <leader>00434pam a2200157 a 4500</leader>
  <datafield tag="020" ind1=" " ind2=" ">
    <subfield code="a">0781723728</subfield>
    <subfield code="c"></subfield>
  </datafield>
  <datafield tag="041" ind1=" " ind2=" ">
    <subfield code="h"></subfield>
  </datafield>
  <datafield tag="082" ind1=" " ind2=" ">
    <subfield code="a">617.574</subfield>
    <subfield code="b">GEL</subfield>
  </datafield>
  <datafield tag="100" ind1=" " ind2=" ">
    <subfield code="a">GELBERMAN, R  .</subfield>
  </datafield>
  <datafield tag="245" ind1=" " ind2=" ">
    <subfield code="a">MASTER TECHNIQUES IN ORTHOPAEDIC SURGERY : THE WRIST / </subfield>
    <subfield code="c">NULL.</subfield>
    <subfield code="h">Textual Documents</subfield>
  </datafield>
  <datafield tag="250" ind1=" " ind2=" ">
    <subfield code="a">2 / </subfield>
    <subfield code="b">.</subfield>
  </datafield>
  <datafield tag="260" ind1=" " ind2=" ">
    <subfield code="a">NULL : </subfield>
    <subfield code="b">LIPPINCOTT WILLIAMS &amp; WILKINS , </subfield>
    <subfield code="c">2002.</subfield>
  </datafield>
  <datafield tag="300" ind1=" " ind2=" ">
    <subfield code="a">503 : </subfield>
    <subfield code="b">XVIII ; </subfield>
    <subfield code="c">A4 . </subfield>
  </datafield>
  <datafield tag="930" ind1=" " ind2=" ">
    <subfield code="a">2694</subfield>
  </datafield>
  <datafield tag="999" ind1=" " ind2=" ">
    <subfield code="c">797229</subfield>
    <subfield code="d">797229</subfield>
  </datafield>
  <datafield tag="650" ind1=" " ind2=" ">
    <subfield code="a">ORTHO</subfield>
  </datafield>
  <datafield tag="952" ind1=" " ind2=" ">
    <subfield code="0">0</subfield>
    <subfield code="1">0</subfield>
    <subfield code="4">0</subfield>
    <subfield code="7">0</subfield>
    <subfield code="a">MCS</subfield>
    <subfield code="b">MCS</subfield>
    <subfield code="d">2011-11-28</subfield>
    <subfield code="e"> </subfield>
    <subfield code="g">10350.80</subfield>
    <subfield code="l">1</subfield>
    <subfield code="o">617.574 GEL</subfield>
    <subfield code="p">MCS-6310</subfield>
    <subfield code="q">2043-10-01</subfield>
    <subfield code="r">2023-10-06 00:00:00</subfield>
    <subfield code="s">2023-10-06</subfield>
    <subfield code="t">1</subfield>
    <subfield code="w">2023-07-26</subfield>
    <subfield code="y">BK</subfield>
  </datafield>
</record>
